Statistical Handbook of Thailand 1996

Salvato in:
Dettagli Bibliografici
Natura: Libro
Lingua:inglese
Pubblicazione: Bangkok National Statistical Office 1996
Soggetti:
Tags: Aggiungi Tag
Nessun Tag, puoi essere il primo ad aggiungerne!!

MARC

LEADER 00000nam a2200000 4500
001 c019031
005 20250512092230.5
020 |a 974-236-170-3 
041 0 |a eng 
044 |a TH 
245 1 0 |a Statistical Handbook of Thailand 1996 
264 1 |a Bangkok  |b National Statistical Office  |c 1996 
300 |a 143 s. 
610 2 0 |a Thajsko